Zanpakutos dans Bleach - Statistiques

Statistiques générales
  • Ce quiz a été pris 197 fois
    148 depuis la dernière actualisation
  • Le résultat moyen est 18 sur 44
Statistiques - réponses
Hint Réponse % Correct
Ichigo Kurosaki Zangetsu
99%
Abarai Renji Zabimaru
86%
Byakuya Kuchiki Senbonzakura
84%
Hitsugaya Toshiro Hyorinmaru
79%
Rukia Kuchiki Sode no shirayuki
75%
Aizen Sosuke Kyoka Suigetsu
72%
Urahara Kisuke Benihime
71%
Shunsui Kyoraku Katen Kyokotsu
71%
Yamamoto Genryusai Ryujin Jakka
71%
Unohana Retsu Minazuki
67%
Rangiku Matsumoto Haineko
66%
Zaraki Kenpachi Nozarashi
64%
Shuhei Hisagi Kazeshini
59%
Mayuri Kurotsuchi Ashisogi Jizo
58%
Ikkaku Madarame Hozukimaru
58%
Izuru Kira Wabisuke
55%
Soi Fon Suzumebachi
51%
Gin Ichimaru Shinso
50%
Shinji Hirako Sakanade
46%
Sajin Komamura Tenken
45%
Momo Hinamori Tobiume
41%
Isshin Kurosaki Engetsu
39%
Kensei Muguruma Tachikaze
39%
Ichibei Hyosube Ichimonji
38%
Kaname Tosen Suzumushi
33%
Marechiyo Ômaeda Gegetsuburi
30%
Jushiro Ukitake Sogyo no Kotowari
30%
Chôjirô Sasakibe Gonryômaru
24%
Rôjûrô Ôtoribashi/Rose Kinshara
24%
Yachiru Kusajishi Sanpo Kenjû
20%
Isane Kotetsu Itegumo
18%
Kaien Shiba Nejibana
18%
Nanao Ise/Famille Ise Shinken Hakkyôken
18%
Tenjirô Kirinji Kinpika
13%
Yumichika Ayasegawa Kujakû
13%
Ôetsu Nimaiya Sayafushi
13%
Senjumaru Shutara Shigarami
13%
Lisa Yadômaru Haguro Tonbo
12%
Hikone Ubuginu Ikomikidomoe
12%
Tokinada Tsunayashiro Enrakyoten
11%
Love Aikawa Tengumaru
9%
Sōya Azashiro Uro Zakuro
9%
Hiyori Sarugaki Kubikiri Orochi
5%
Kenpachi Kuruyashiki Gagaku Kairō
4%
Aucun quiz correspondant
Distribution des résultats
% des personnes avec chaque résultat
Percentile par nombre de réponses
Votre historique - résultats
Vous n’avez pas pris ce quiz depuis la dernière actualisation